MARC

LEADER 00000nam0a2200000 4500
001 93777
005 20231031105347.0
035 |a (RuTPU)RU\TPU\book\100405 
090 |a 93777 
100 |a 20060403d1962 km y0rusy50 ca 
101 0 |a rus 
102 |a RU 
105 |a a z 001zy 
200 1 |a Полупроводниковые преобразователи напряжения  |f Э. А. Исаев 
210 |a Москва  |c Воениздат  |d 1962 
215 |a 112 с.  |c ил. 
320 |a Библиогр.: с. 111. 
610 1 |a преобразователи напряжения 
610 1 |a полупроводниковые преобразователи 
610 1 |a радиоаппаратура 
610 1 |a электроаппаратура 
610 1 |a военная техника 
610 1 |a применение 
675 |a 621.314.5  |v 3 
700 1 |a Исаев  |b Э. А. 
801 1 |a RU  |b 63413507  |c 20060403  |g PSBO 
801 2 |a RU  |b 63413507  |c 20150410  |g PSBO 
942 |c BK